Long-term international capital movements and technology <a> review

Salvato in:
Dettagli Bibliografici
Autore principale: Zebregs, Harm
Natura: Libro
Lingua:inglese
Pubblicazione: Washington International Monetary Fund 1999
Serie:IMF Working Paper WP/99/126
Soggetti:
Tags: Aggiungi Tag
Nessun Tag, puoi essere il primo ad aggiungerne!!

MARC

LEADER 00000nam a2200000 4500
001 c123810
005 20221221082901.0
041 0 |a eng 
044 |a US 
245 1 0 |a Long-term international capital movements and technology  |b <a> review  |c Harm Zebregs 
264 1 |a Washington  |b International Monetary Fund  |c 1999 
300 |a 28 s. 
490 1 |a IMF Working Paper  |v WP/99/126 
830 0 |a IMF Working Paper  |v WP/99/126 
610 2 0 |a pohyb kapitálu 
610 2 0 |a technológia 
610 2 0 |a kapitál 
610 2 0 |a hospodárstvo otvorené 
610 2 0 |a rast hospodársky 
100 1 |a Zebregs, Harm